00429nam a2200181Ia 4500003000400000005001700004008004100021020001800062040000700080041000800087082001500095100002400110245003000134250000600164260004700170300001700217365001300234OSt20230403094047.0210423s2009 xx 000 0 und d a9780070085794 cAL aeng a658.4 FREW aFRENCH (Wendell L). aOrganization development. a6 aNew DelhibPearson Education Pvt Ltdc2009 axiii,236bPB b250cINR